000 00352nam a22001457a 4500
003 SGT
082 _a615.53
_bR20S
100 _a SHARMA, SHREE RAM
245 _aRAMAYAN KI PRAGATISIL PRERNAYE
260 _aMATHURA
_bAKHAND JYOTI SANSTHAN
_c2020
300 _a385
650 _aAYURVEDA
653 _aRAMAYAN , PRAGATISIL , PRERNAYE
942 _2ddc
_cBK
999 _c32315
_d32315